| 000 | 00451nam a2200169 i 4500 | ||
|---|---|---|---|
| 001 | 33923 | ||
| 003 | ES-MaACL | ||
| 005 | 20230908192500.0 | ||
| 007 | t| | ||
| 008 | 030203s1899 sp ||||1| spa d | ||
| 100 | 1 |
_aBlasco, Eusebio, _d1844-1903 _9126018 |
|
| 245 | 1 | 0 | _aCuentos de Eusebio Blasco. |
| 260 |
_aMadrid : _b[s.n., _c1899] ( _fRicardo Fe) |
||
| 300 |
_a310 p. ; _c18 cm. |
||
| 852 |
_aES-MaACL _jB-2649 |
||
| 999 |
_c33923 _d33923 |
||